Most used simplified Chinese characters #1 (1-200) - Statistics

General Stats
  • This quiz has been taken 1,003 times
    992 since last reset
  • The average score is 123 of 200
Answer Stats
Hint Answer % Correct
to be; yes, indeed, right; this, that (demonstrative pronoun) shi 4
96%
affair, matter, business; to serve; accident, incident shi 4
96%
style, system, formula, rule shi 4
96%
no, not; un-; (negative prefix) bu 4
94%
our, us, I, me, my, we wo 3
94%
one; a, an; alone yi 1
94%
man; people; mankind; someone else ren 2
92%
(possessive, adjectival suffix) de 0
90%
big, great, vast, large, high da 4
88%
time, season; era, age, period shi 2
88%
real, true, solid, honest shi 2
88%
ten; accounting form of the numberal ten; pick up, collect, tidy up shi 2
88%
central; center, middle; in the midst of; hit (target); attain zhong 1
87%
you, (second person pronoun) ni 3
86%
good, excellent, fine; well hao 3
85%
have, own, possess; exist you 3
85%
friend, companion; fraternity you 3
85%
to finish; (particle of completed action) liao 3
83%
be at, in, on; consist in, rest zai 4
83%
again, twice, re- zai 4
83%
other, another; he, she, it ta 1
82%
she, her ta 1
82%
nation, country, nation-state guo 2
80%
top; superior, highest; go up, send up shang 4
80%
(numerary adjunct), piece; single ge 4
79%
each, individually, every all ge 4
79%
(interrogative particle) me 0
79%
two; twice er 4
77%
small, tiny, insignificant xiao 3
76%
learning, knowledge; school xue 2
76%
(final interrogative particle) ma 0
75%
not, have not, none; to drown, sink mei 2
75%
sky, heaven; god, celestial tian 1
75%
literature, culture, writing wen 2
75%
also; (classical final particle of strong affirmation or identity) ye 3
75%
this, the, here zhe 4
75%
offspring, child; fruit, seed of zi 3
75%
house, home, residence; family jia 1
74%
add to, increase, augment jia 1
74%
that, that one, those na 4
74%
(adjunct pronoun indicate plural) men 0
73%
speak shuo 1
73%
much, many; more than, over duo 1
72%
very, quite, much hen 3
72%
by means of; thereby, therefore; consider as; in order to yi 3
72%
already; finished; stop yi 3
72%
electricity, electric; lightning dian 4
71%
come, coming; return, returning lai 2
71%
heart; mind, intelligence; soul xin 1
71%
new, recent, fresh, modern xin 1
71%
necessary, essential; necessity yao 4
71%
go to, arrive, been to dao 4
70%
path, road, street; methond, way dao 4
70%
look, see; examine, scrutinize kan 4
70%
name, rank, title, position ming 2
70%
bright, light, brilliant; clear ming 2
70%
life, living, lifetime; birth sheng 1
70%
ask (about), inquire after wen 4
70%
under, underneath, below; down; inferior; bring down xia 4
70%
go to zhi 1
70%
shingle, (one of pair), lone zhi 1
70%
know, perceive, comprehend zhi 1
70%
dot, speck, spot; point, degree dian 3
69%
what, why, where, which, how he 2
69%
harmony, peace; peaceful, calm he 2
69%
to assemble, meet together; a meeting; an organization hui 4
69%
may, can, -able; possibly ke 3
69%
woman, girl; feminine nu 3
69%
self, private, personal; from zi 4
69%
and; and then; and yet; but er 2
68%
fruit; result guo 3
68%
go away, leave, depart qu 4
68%
使 cause, send on a mission, order; envoy, messenger, ambassador shi 3
68%
typhoon (Taiwan) tai 2
68%
strike, hit, beat; fight; attack da 3
67%
correct, right; facing, opposed dui 4
67%
labor, work; worker, laborer gong 1
67%
fair, equitable; public; duke gong 1
67%
(interrogative or emphatic final) ne 0
67%
year; new-years; person's age nian 2
67%
sun; day; daytime ri 4
67%
very, too, much; big; extreme tai 4
67%
high, tall; lofty, elevated gao 1
66%
property; wealth; capital zi 1
66%
love, be fond of, like ai 4
65%
obtain, get, gain, acquire de 2
65%
machine; moment, chance ji 1
65%
water, liquid, juice shui 3
65%
do, handle govern, act; be wei 4
65%
throne; position, post; rank, status; seat wei 4
65%
think, speculate, plan, consider xiang 3
65%
(emphatic final particle) ba 0
64%
hair fa 3
64%
law, rule, regulation, statute; France, French fa 3
64%
flour, dough, noodles mian 4
64%
ask, requiest; invite; please qing 3
64%
go out, send out; stand; produce chu 1
63%
earth; soil, ground; region di 4
63%
sequence, number; grade, degree di 4
63%
pass, pass through, go across guo 4
63%
file of ten soldiers; mixed, miscellaneous shen 2
63%
hand shou 3
63%
thank; decline xie 4
63%
metropolis, capital; all, the whole; elegant, refined du 4
62%
still, yet, also, besides hai 2
62%
use, employ, apply, operate; use yong 4
62%
to be able; can, permitted to; ability neng 2
61%
behind, rear, after; descendents hou 4
60%
cart, vehicle; carry in cart che 1
59%
just, simply; to come, go to; to approach, near jiu 4
59%
old, aged; experienced lao 3
59%
little, few; ration, somewhat xie 1
59%
make; work; compose, write; act, perform zuo 4
59%
flowery; illustrious; Chinese hua 2
58%
rise, stand up; go up; begin qi 3
58%
clear, pure, clean; peaceful qing 1
58%
thought, idea, opinion; think yi 4
58%
and, also, again, in addition you 4
58%
that which; he who; those who zhe 3
58%
speech, talk, language; dialect hua 4
57%
return, turn around; a time hui 2
57%
two, both, pair, couple; ounce liang 3
57%
to compare, liken; comparison; than bi 3
56%
divide; small unit of time etc. fen 1
56%
open; initiate, being, start kai 1
56%
feeling, sentiment, emotion qing 2
56%
few, less, inadequate shao 3
56%
only; but, however, yet, still dan 4
55%
self, oneself; personal, private ji 3
55%
power, capability, influence li 4
55%
cause, reason; by; because (of) yin 1
55%
hold, take; guard; regard as ba 3
54%
in front, forward; preceding qian 2
54%
trust, believe; letter xin 4
54%
go; walk; move, travel; circulate xing 2
54%
long; length; excel in; leader chang 2
53%
reason, logic; manage li 3
53%
his, her, its, their; that qi 2
53%
if, supposing; as if; like, as ru 2
53%
real, actual, true, genuine zhen 1
53%
teach, class jiao 4
52%
root, origin, source; basis xian 4
52%
most, extremely, exceedingly zui 4
52%
extend; reach; come up to; and ji 2
51%
out, outside, external; foreign wai 4
51%
seed; race; offspring; to plant zhong 3
51%
completed, finished, fixed cheng 2
50%
castle; city, town; municipality cheng 2
50%
journey, trip; schedule, agenda cheng 2
50%
a square, rectangle; a region; local fang 1
50%
mix; intersect; exchange, communicate; deliver jiao 1
50%
road, path, street; journey lu 4
50%
hear, listen; understand; obey ting 1
50%
a picture, image, figure; to resemble xiang 4
50%
shape, form, pattern style yang 4
50%
section, department, science ke 1
49%
place, location; (numerary adjunct) suo 3
49%
give; by, for gei 3
48%
negative, no, not; lack, have no wu 2
48%
mutual, reciprocal, each other xiang 1
48%
interval, space; place, between jian 1
47%
order, sequence; next ci 4
46%
move, happen; movement, action dong 4
46%
dragon; symbolic of emperor long 2
46%
hold in hand; lift in hand ti 2
46%
forehead; title, headline; theme ti 2
46%
alley, lane tong 4
46%
master, chief owner; host; lord zhu 3
46%
classic works; pass through jing 1
45%
nature, character, sex xing 4
45%
bear, accept, undertake; just dang 1
44%
yes, certainly; pledge, promise ran 2
44%
should, ought to, must ying 4
44%
in, at, on; (interjection) alas! yu 2
44%
and; with; to; for; give, grant yu 3
44%
stand up; a stand, station zhan 4
44%
right, proper, correct zheng 4
44%
talent, ability; just, only cai 2
43%
or, either, else; perhaps, maybe huo 4
43%
people, subjects, citizens min 2
43%
attach, connect, unite, fasten xi 4
43%
frontier pass; close; relation guan 1
42%
advance, make progress, enter jin 4
42%
separate, other; do not bie 2
41%
decide, settle, fix ding 4
40%
should, ought to, need to gai 1
40%
to wake up from sleep; conscious jue 2
40%
ball, sphere, globe; round qiu 2
40%
(passive indicator 'by'); bedding bei 4
39%
manifest zhe 0
39%
this, these; in this case, then ci 3
38%
male phoenix; symbol of joy feng 4
38%
composition; chapter, section zhang 1
38%
feel, perceive, emotion gan 3
37%
will, going to, future; general jiang 1
34%
debate; discuss; discourse lun 4
30%
maintain, keep whole or intact quan 2
30%
female phoenix huang 2
25%
take part in, intervene; ginseng can 1
24%
inquire; ask; examine; reproach xun 4
20%
No matching quizzes found
Score Distribution
Percent of People with Each Score
Percentile by Number Answered
Your Score History
You have not taken this quiz since the last reset